[Event "Winter"]
[Site "SchemingMind.com"]
[Date "2016.02.23"]
[Round "-"]
[White "APB"]
[Black "fouche"]
[Result "1-0"]
[WhiteCountry "ENG"]
[BlackCountry "COL"]
[WhiteElo "1715"]
[WhiteRD "72"]
[BlackElo "1605"]
[BlackRD "62"]
[GameID "395813"]

1. e4 c6 2. d4 d5 3. Nc3 dxe4 4. Nxe4 Bf5 5. Ng3 Bg6 6. Nf3 Nd7 7. h4 h6 8. h5 Bh7 9. Bd3 Bxd3 10. Qxd3 Ngf6
11. Bf4 e6 12. O-O-O Be7 13. Qb3 b5 14. Ne5 O-O 15. Nxc6 Qe8 16. Qxb5 a6 17. Nxe7+ Qxe7 18. Qd3 Rfd8 19. Qc3 Rac8 20. Qa5 Rc6
21. Rhe1 Nd5 22. Qxd5 Nb8 23. Qb3 Nd7 24. d5 Rb6 25. Qf3 Qb4 26. b3 Qa3+ 27. Kb1 exd5 28. Qg4 Rb4 29. Qf3 Nf6 30. Bc1 Qa5
31. Bd2 Qb5 32. Bxb4 Qxb4 33. Nf5 a5 34. Rd4 Qc5 35. Qg3 Nxh5 36. Qh4 Nf6 37. Nxh6+ Kf8 38. Nf5
1-0

[Event "Winter"]
[Site "SchemingMind.com"]
[Date "2016.02.23"]
[Round "-"]
[White "fouche"]
[Black "APB"]
[Result "0-1"]
[WhiteCountry "COL"]
[BlackCountry "ENG"]
[WhiteElo "1608"]
[WhiteRD "65"]
[BlackElo "1691"]
[BlackRD "72"]
[GameID "395814"]

1. d4 Nf6 2. c4 g6 3. Nc3 Bg7 4. Nf3 O-O 5. e4 d6 6. Be3 e5 7. Bd3 Ng4 8. Qd2 Nxe3 9. Qxe3 exd4 10. Nxd4 c5
11. Nf3 Nc6 12. O-O Bg4 13. h3 Bxf3 14. Qxf3 Ne5 15. Qe2 Nxd3 16. Rfd1 Nf4 17. Qg4 Ne6 18. Rab1 Nd4 19. Ne2 Nxe2+ 20. Qxe2 Re8
21. f4 Qc7 22. b4 cxb4 23. Rxb4 Qc5+ 24. Kh2 Qxb4
0-1

[Event "Winter"]
[Site "SchemingMind.com"]
[Date "2016.02.28"]
[Round "-"]
[White "APB"]
[Black "Scooter"]
[Result "1-0"]
[WhiteCountry "ENG"]
[BlackCountry "USA"]
[WhiteElo "1656"]
[WhiteRD "74"]
[BlackElo "1712"]
[BlackRD "48"]
[GameID "396041"]

1. e4 c6 2. d4 d5 3. Nc3 dxe4 4. Nxe4 Bf5 5. Ng3 Bg6 6. Nf3 Nd7 7. h4 h6 8. Bd3 Bxd3 9. Qxd3 Qc7 10. Ne2 e6
11. Bf4 Bd6 12. Bxd6 Qxd6 13. O-O-O O-O-O 14. g3 Ne7 15. Qe3 Nf5 16. Qb3 Qd5 17. Qxd5 exd5 18. g4 Nd6 19. Ne5 Rde8 20. f4 Nxe5
21. fxe5 Ne4 22. Rhf1 Rhf8 23. Nf4 g5 24. hxg5 hxg5 25. Nh5 Kd8 26. Ng7 Re7 27. Nf5 Re6 28. Rf3 f6 29. Ra3 a6 30. Rh1 Nf2
31. Rh7 Kc8 32. Nd6+ Kb8 33. Rxb7+
1-0

[Event "Winter"]
[Site "SchemingMind.com"]
[Date "2016.02.28"]
[Round "-"]
[White "Scooter"]
[Black "APB"]
[Result "1-0"]
[WhiteCountry "USA"]
[BlackCountry "ENG"]
[WhiteElo "1712"]
[WhiteRD "48"]
[BlackElo "1656"]
[BlackRD "74"]
[GameID "396042"]

1. d4 Nf6 2. Nf3 d5 3. Bf4 e6 4. e3 c5 5. Bb5+ Bd7 6. Bxd7+ Nbxd7 7. c3 Nh5 8. Nbd2 Nxf4 9. exf4 Bd6 10. Ne5 f6
11. Qh5+ g6 12. Nxg6
1-0

[Event "Winter"]
[Site "SchemingMind.com"]
[Date "2016.02.29"]
[Round "-"]
[White "fouche"]
[Black "Scooter"]
[Result "0-1"]
[WhiteCountry "COL"]
[BlackCountry "USA"]
[WhiteElo "1639"]
[WhiteRD "64"]
[BlackElo "1712"]
[BlackRD "48"]
[GameID "396043"]

1. e4 c6 2. d4 d5 3. Nc3 dxe4 4. Nxe4 Bf5 5. Ng3 Bg6 6. Nf3 Nd7 7. h4 h6 8. h5 Bh7 9. Bd3 Bxd3 10. Qxd3 Qc7
11. Bd2 O-O-O 12. O-O Ngf6 13. c4 e6 14. Rfe1 Qb6 15. Rab1 Bb4 16. a3 Bxd2 17. Qxd2 Qc7 18. b4 Ng4 19. a4 Nde5 20. Nxe5 Nxe5
21. Rxe5 Qxe5 22. dxe5 Rxd2 23. b5 Rhd8 24. Ne4 Rd1+
0-1

[Event "Winter"]
[Site "SchemingMind.com"]
[Date "2016.02.29"]
[Round "-"]
[White "Scooter"]
[Black "fouche"]
[Result "0-1"]
[WhiteCountry "USA"]
[BlackCountry "COL"]
[WhiteElo "1712"]
[WhiteRD "48"]
[BlackElo "1639"]
[BlackRD "64"]
[GameID "396044"]

1. d4 Nf6 2. Nf3 e6 3. Bg5 d5 4. e3 Be7 5. Be2 O-O 6. O-O Nbd7 7. Nbd2 b6 8. a3 h6 9. Bxf6 Nxf6 10. c4 Bb7
11. cxd5 exd5 12. Rc1 Rc8 13. Ne5 c5 14. dxc5 bxc5 15. Nef3 Bd6 16. h3 Ne4 17. Qa4 a6 18. Nxe4 dxe4 19. Nd2 Re8 20. Nc4 Bb8
21. Rfd1 Qc7 22. Nd6 Re7 23. Nxc8 Qh2+
0-1

[Event "Winter"]
[Site "SchemingMind.com"]
[Date "2016.03.07"]
[Round "-"]
[White "APB"]
[Black "emvarela"]
[Result "1-0"]
[WhiteCountry "ENG"]
[BlackCountry "ARG"]
[WhiteElo "1731"]
[WhiteRD "70"]
[BlackElo "1652"]
[BlackRD "47"]
[GameID "396284"]

1. e4 e5 2. Nf3 Nc6 3. Bb5 a6 4. Ba4 Nf6 5. O-O Be7 6. Re1 b5 7. Bb3 h6 8. Nc3 Bb7 9. Nd5 d6 10. Nxe7 Qxe7
11. d3 O-O 12. c3 Na5 13. Bc2 c5 14. Nh4 Nxe4 15. Nf5 Qf6 16. dxe4 Rad8 17. Qg4 Kh7 18. Re3 Bc8 19. Qh3 Bxf5 20. exf5 d5
21. Qg3 Nc4 22. Re2 Nd6 23. Rxe5 Nc4 24. Re6 fxe6 25. fxe6+ Kh8 26. b3 Ne5 27. Bf4 Qxe6 28. Bxe5 Rde8 29. Qxg7#
1-0

[Event "Winter"]
[Site "SchemingMind.com"]
[Date "2016.03.08"]
[Round "-"]
[White "emvarela"]
[Black "APB"]
[Result "1/2-1/2"]
[WhiteCountry "ARG"]
[BlackCountry "ENG"]
[WhiteElo "1652"]
[WhiteRD "47"]
[BlackElo "1731"]
[BlackRD "70"]
[GameID "396285"]

1. e4 c5 2. Nf3 d6 3. d4 cxd4 4. Nxd4 Nf6 5. Nc3 a6 6. Bg5 e6 7. Bxf6 Qxf6 8. Be2 e5 9. Nd5 Qd8 10. Nb3 Be6
11. Bg4 Bxg4 12. Qxg4 Nd7 13. O-O Nf6 14. Nxf6+ Qxf6 15. Rad1 Be7 16. Rd5 O-O 17. c4 Bd8 18. c5 Bc7 19. cxd6 Bxd6 20. Rfd1 Bc7
21. Nc5 Qh6 22. Nd7 Rfd8 23. Nxe5 Rxd5 24. Rxd5 Rd8 25. Rxd8+ Bxd8 26. Qd1 Qf6 27. Nf3 h6 28. Qb3 Qc6 29. Nd2 Bg5 30. Nf1 Qxe4
31. Qf3 Qxf3 32. gxf3 b5 33. Ne3 Bxe3=
1/2-1/2

[Event "Winter"]
[Site "SchemingMind.com"]
[Date "2016.03.08"]
[Round "-"]
[White "fouche"]
[Black "emvarela"]
[Result "0-1"]
[WhiteCountry "COL"]
[BlackCountry "ARG"]
[WhiteElo "1586"]
[WhiteRD "62"]
[BlackElo "1652"]
[BlackRD "47"]
[GameID "396286"]

1. e4 e5 2. Nf3 Nc6 3. Bb5 a6 4. Ba4 Nf6 5. Nc3 b5 6. Bb3 h6 7. d3 Bb4 8. Bd2 Bxc3 9. Bxc3 d6 10. O-O O-O
11. Re1 Bb7 12. Qd2 Ne7 13. Rad1 c5 14. Ba5 Qd7 15. c4 Nc6 16. a3 Nxa5 17. Ba2 bxc4 18. dxc4 Nc6 19. b4 cxb4 20. axb4 Rfd8
21. c5 dxc5 22. Qxd7 Rxd7 23. Rxd7 Nxd7 24. bxc5 Nxc5 25. Bd5 Re8 26. Rc1 Nd3 27. Rc3 Ndb4 28. Kf1 Nxd5 29. exd5 Nd4 30. Nxd4 exd4
31. Rd3 a5 32. Rd1 Ba6+ 33. Kg1 d3 34. f3 Rd8
0-1

[Event "Winter"]
[Site "SchemingMind.com"]
[Date "2016.03.08"]
[Round "-"]
[White "emvarela"]
[Black "fouche"]
[Result "1-0"]
[WhiteCountry "ARG"]
[BlackCountry "COL"]
[WhiteElo "1652"]
[WhiteRD "47"]
[BlackElo "1586"]
[BlackRD "62"]
[GameID "396287"]

1. e4 c5 2. Nf3 Nc6 3. d4 cxd4 4. Nxd4 Nf6 5. Nxc6 bxc6 6. Nc3 d6 7. Bd3 g6 8. O-O Bg7 9. Bd2 O-O 10. Qe2 a5
11. h3 Qc7 12. b3 Bb7 13. Rad1 Rfd8 14. Na4 e5 15. c4 d5 16. cxd5 cxd5 17. exd5 Nxd5 18. Be4 f5 19. Rc1 Qd7 20. Bxd5+ Bxd5
21. Rfd1 Rac8 22. Bxa5 Rxc1 23. Rxc1 Be4 24. Bxd8 Qxd8 25. Qc4+ Kh8 26. Nc3 Bb7 27. Rd1 Qe7 28. Nd5 Qf7 29. Ne3 Qe7 30. Qb5 Bc8
31. Qb6 Bf6 32. Rd6 Bg7 33. Rd8+
1-0

[Event "Winter"]
[Site "SchemingMind.com"]
[Date "2016.03.07"]
[Round "-"]
[White "emvarela"]
[Black "Scooter"]
[Result "0-1"]
[WhiteCountry "ARG"]
[BlackCountry "USA"]
[WhiteElo "1680"]
[WhiteRD "49"]
[BlackElo "1731"]
[BlackRD "47"]
[GameID "396288"]

1. e4 c6 2. d4 d5 3. exd5 cxd5 4. c4 Nf6 5. Nc3 Bf5 6. Bd3 Bxd3 7. Qxd3 e6 8. Bg5 Be7 9. Nf3 dxc4 10. Qxc4 O-O
11. Bxf6 Bxf6 12. Rd1 a6 13. O-O b5 14. Qd3 Nc6 15. a3 Na5 16. Ne4 Nc4 17. Qb3 Nd6 18. Nxf6+ Qxf6 19. Ne5 Rfd8 20. Rfe1 Rac8
21. Rd3 Nc4 22. Re2 Nxe5 23. Rd1 Nc6
0-1

[Event "Winter"]
[Site "SchemingMind.com"]
[Date "2016.03.07"]
[Round "-"]
[White "Scooter"]
[Black "emvarela"]
[Result "1-0"]
[WhiteCountry "USA"]
[BlackCountry "ARG"]
[WhiteElo "1761"]
[WhiteRD "49"]
[BlackElo "1652"]
[BlackRD "47"]
[GameID "396289"]

1. d4 d5 2. Nf3 c5 3. Bf4 Qa5+ 4. c3 Nc6 5. e3 Bg4 6. Be2 cxd4 7. Nxd4 Bxe2 8. Qxe2 Nxd4 9. exd4 e6 10. O-O Be7
11. Nd2 Qb6 12. Nf3 Nf6 13. Bg5 h6 14. Bxf6 Bxf6 15. Rab1 O-O 16. Ne5 Bxe5 17. Qxe5 Rac8 18. Rfe1 Qc7 19. Re3 Qxe5 20. Rxe5 b5
21. Rbe1 a5 22. f4 Rfe8 23. f5 Rc6 24. Rxd5 exd5 25. Rxe8+ Kh7 26. Re5 Rd6 27. g4 g6 28. fxg6+ Kxg6 29. h4 f6 30. h5+ Kf7
31. Re3 Re6 32. Kf2 Ke7 33. Kf3 Rxe3+ 34. Kxe3 Ke6 35. Kf4 Ke7 36. Kf5 Kf7 37. b3 b4 38. cxb4 axb4 39. Kf4 Ke6 40. Ke3 f5
41. Kf4 fxg4 42. Kxg4 Kf6 43. Kf4 Ke6 44. Ke3 Kf5 45. Kd3 Kg5 46. a4 bxa3 47. Kc2
1-0

[Event "Winter"]
[Site "SchemingMind.com"]
[Date "2016.03.05"]
[Round "-"]
[White "APB"]
[Black "Phillip Beckett"]
[Result "1-0"]
[WhiteCountry "ENG"]
[BlackCountry "ENG"]
[WhiteElo "1691"]
[WhiteRD "72"]
[BlackElo "1549"]
[BlackRD "49"]
[GameID "396341"]

1. e4 e5 2. Nf3 Nc6 3. Bb5 a6 4. Ba4 Nf6 5. O-O Be7 6. Re1 b5 7. Bb3 O-O 8. c3 d5 9. exd5 Nxd5 10. Nxe5 Nxe5
11. Rxe5 Nf6 12. h3 Bd6 13. Re3 h5 14. Qf3 Be6 15. Bxe6 fxe6 16. Qe2 e5 17. c4 bxc4 18. Qxc4+ Kh8 19. Nc3 c5 20. b3 Qc7
21. Nd5 Qb8 22. Nxf6 gxf6 23. Qh4 Qe8 24. Bb2 Qf7 25. Rf3 Qg6 26. Re1 Qg5 27. Qxg5 fxg5 28. Rxf8+ Rxf8 29. Bxe5+ Bxe5 30. Rxe5 Rd8
31. Rxg5 Rxd2 32. Rxh5+ Kg7 33. Rxc5 Rxa2 34. g4 Rb2 35. Rc3 a5 36. Kg2 Kg6 37. Kg3 Rb1 38. f4 Rg1+ 39. Kh4 Rf1 40. Rc4 Rf3
41. Ra4 Rxb3 42. Rxa5 Rb4 43. f5+ Kg7 44. Kh5
1-0

[Event "Winter"]
[Site "SchemingMind.com"]
[Date "2016.03.05"]
[Round "-"]
[White "Phillip Beckett"]
[Black "APB"]
[Result "0-1"]
[WhiteCountry "ENG"]
[BlackCountry "ENG"]
[WhiteElo "1549"]
[WhiteRD "49"]
[BlackElo "1691"]
[BlackRD "72"]
[GameID "396342"]

1. e4 c5 2. Nf3 d6 3. d4 cxd4 4. Nxd4 Nf6 5. Nc3 a6 6. Bg5 e6 7. f4 h6 8. Bh4 Qb6 9. Nb3 Bd7 10. Bf2 Qc7
11. Qf3 e5 12. Bd3 Be7 13. O-O O-O 14. Rad1 Bg4 15. Qg3 Bxd1 16. Rxd1 Nbd7 17. f5 Nh5 18. Qf3 Ndf6 19. Bh4 Nf4 20. Bxf6 Bxf6
21. Nd5 Nxd5 22. exd5 Rfe8 23. c4 e4 24. Bxe4 Qxc4 25. Bd3 Qa4 26. Nc1 Bxb2 27. Bb1 Bd4+ 28. Kf1 Re3 29. Qh5 Qc4+ 30. Nd3 Qxd5
31. Nf4 Qc4+ 32. Ne2 Bf6 33. Re1 Rae8 34. g4 Rxe2 35. Rxe2 Qxe2+ 36. Kg1 Bd4+ 37. Kh1 Qf1#
0-1

[Event "Winter"]
[Site "SchemingMind.com"]
[Date "2016.03.05"]
[Round "-"]
[White "fouche"]
[Black "Phillip Beckett"]
[Result "0-1"]
[WhiteCountry "COL"]
[BlackCountry "ENG"]
[WhiteElo "1608"]
[WhiteRD "65"]
[BlackElo "1549"]
[BlackRD "49"]
[GameID "396343"]

1. d4 d5 2. Nf3 Nf6 3. e3 e6 4. Bd3 c5 5. c3 Nc6 6. O-O Bd6 7. Nbd2 cxd4 8. exd4 O-O 9. Re1 a6 10. Ne5 Nd7
11. Ndf3 Ndxe5 12. Nxe5 Qc7 13. f4 f6 14. Nxc6 bxc6 15. g3 e5 16. dxe5 fxe5 17. fxe5 Bxe5 18. Be3 Bxg3 19. hxg3 Qxg3+ 20. Kh1 Bg4
21. Be2 Qh3+ 22. Kg1 Bxe2 23. Rxe2 Rf3 24. Qe1 Rg3+
0-1

[Event "Winter"]
[Site "SchemingMind.com"]
[Date "2016.03.05"]
[Round "-"]
[White "Phillip Beckett"]
[Black "fouche"]
[Result "0-1"]
[WhiteCountry "ENG"]
[BlackCountry "COL"]
[WhiteElo "1549"]
[WhiteRD "52"]
[BlackElo "1586"]
[BlackRD "62"]
[GameID "396344"]

1. e4 e5 2. Nf3 Nf6 3. Nxe5 d6 4. Nf3 Nxe4 5. Qe2 Qe7 6. d3 Nf6 7. Bg5 Qxe2+ 8. Bxe2 Be7 9. Nbd2 O-O 10. O-O-O h6
11. Bh4 Nbd7 12. Rhe1 Re8 13. Bf1 b6 14. Bg3 Bb7 15. c3 Nh5 16. Ne4 Nxg3 17. Nxg3 Bxf3 18. gxf3 Nf6 19. Ne4 Kf8 20. Nxf6 Bxf6
21. Rxe8+ Rxe8 22. Kd2 d5 23. Re1 c5 24. Rxe8+ Kxe8 25. Ke3 Kd7 26. h3 Kd6 27. Bg2 b5 28. f4 a5 29. Bf3 b4 30. d4 a4
31. a3 bxc3 32. bxc3 Bh4 33. Bg4 cxd4+ 34. cxd4 Kc6 35. f3 Be7 36. f5 Bxa3 37. f6 g6 38. h4 h5 39. Bh3 Bd6 40. Kd3 a3
41. Kc3 Bg3 42. Kb3 a2 43. Kxa2 Bxh4 44. Kb2 Bxf6 45. Kc3 Be7 46. Kd3 f5 47. Ke3 Bg5+ 48. Kd3 Bf4 49. Kc3 Kd6 50. Bf1 g5
51. Bh3 g4 52. fxg4 fxg4 53. Bg2 h4 54. Kd3 h3 55. Bf1 Ke6 56. Ke2 Kf5 57. Kd3 Kg5 58. Ke2 Kh4 59. Kf2 g3+ 60. Kg1 Be3+
61. Kh1 Bxd4 62. Bxh3 Bf2 63. Bg2 d4 64. Be4 Kg4 65. Bf3+ Kf4 66. Bg2 Ke3 67. Bf3 Kd2 68. Kg2 d3 69. Kf1 Kc1 70. Bg4 Kd2
71. Bf3 Ke3 72. Bd1 Be1 73. Kg2 Kd2 74. Bf3 Kc1 75. Kf1 d2 76. Kg2 d1=Q 77. Bxd1 Kxd1 78. Kg1 Ke2 79. Kg2 Ke3 80. Kh1 Kf3
81. Kg1 g2 82. Kh2 Kf2 83. Kh3 g1=Q
0-1

[Event "Winter"]
[Site "SchemingMind.com"]
[Date "2016.03.09"]
[Round "-"]
[White "emvarela"]
[Black "Phillip Beckett"]
[Result "0-1"]
[WhiteCountry "ARG"]
[BlackCountry "ENG"]
[WhiteElo "1695"]
[WhiteRD "48"]
[BlackElo "1572"]
[BlackRD "52"]
[GameID "396345"]

1. e4 e6 2. d4 d5 3. Nc3 dxe4 4. Nxe4 Nf6 5. Nxf6+ Qxf6 6. Nf3 Bd6 7. Be3 Nd7 8. c3 O-O 9. g3 e5 10. dxe5 Nxe5
11. Nxe5 Bxe5 12. Bg2 Bf5 13. O-O c6 14. Qe2 Rad8 15. Rfd1 Qe6 16. Bd4 Bxd4 17. Qxe6 Bxf2+ 18. Kxf2 Bxe6 19. b3 Rfe8 20. Bf3 f6
21. Rxd8 Rxd8 22. Re1 Bc8 23. Re2 Kf8 24. h4 Rd3 25. c4 Bf5 26. g4 Bg6 27. h5 Bf7 28. Be4 Rd4 29. Ke3 Rd7 30. Rd2 Rxd2
31. Kxd2 h6 32. Kd3 Ke7 33. b4 Kd6 34. Kd4 b6 35. a4 c5+ 36. bxc5+ bxc5+ 37. Kd3 Ke5 38. a5 Kf4 39. Bf5 Ke5 40. Kc3 Bxh5
41. Bc8 Bf7 42. Kd3 h5 43. gxh5 Bxh5 44. Bb7 f5 45. Ke3 f4+ 46. Kf2 Kd4 47. Bd5 Bg6 48. Kf3 Bd3 49. Kxf4 Bxc4
0-1

[Event "Winter"]
[Site "SchemingMind.com"]
[Date "2016.03.09"]
[Round "-"]
[White "Phillip Beckett"]
[Black "emvarela"]
[Result "1-0"]
[WhiteCountry "ENG"]
[BlackCountry "ARG"]
[WhiteElo "1549"]
[WhiteRD "52"]
[BlackElo "1652"]
[BlackRD "47"]
[GameID "396346"]

1. e4 e5 2. Nf3 Nc6 3. Bb5 f5 4. Bxc6 dxc6 5. exf5 Bxf5 6. d3 Bd6 7. Nc3 h6 8. O-O Qf6 9. h3 Ne7 10. Qe2 O-O-O
11. Be3 b6 12. Nh2 g5 13. Ng4 Bxg4 14. Qxg4+ Qf5 15. Qxf5+ Nxf5 16. Bd2 Nd4 17. Rac1 Bb4 18. Rfe1 Rhe8 19. Ne4 Bxd2 20. Nxd2 c5
21. Nf3 Nxf3+ 22. gxf3 Rd4 23. Re4 Rxe4 24. fxe4 Rf8 25. Kg2 Kd7 26. Rh1 Rf4 27. Kg3 h5 28. Re1 h4+ 29. Kg2 g4 30. hxg4 Rxg4+
31. Kh3 Rf4 32. Re2 b5 33. Kg2 Ke6 34. Re3 a5 35. Rh3 b4 36. f3 a4 37. Rh1 Kf6 38. Rh3 Kg5 39. b3 axb3 40. cxb3 Rf6
41. Rh1 Ra6 42. Ra1 Kf4 43. Kf2 h3 44. a4
1-0

[Event "Winter"]
[Site "SchemingMind.com"]
[Date "2016.03.04"]
[Round "-"]
[White "Phillip Beckett"]
[Black "Scooter"]
[Result "0-1"]
[WhiteCountry "ENG"]
[BlackCountry "USA"]
[WhiteElo "1577"]
[WhiteRD "47"]
[BlackElo "1712"]
[BlackRD "48"]
[GameID "396347"]

1. e4 c6 2. d4 d5 3. Nc3 dxe4 4. Nxe4 Bf5 5. Ng3 Bg6 6. Nf3 Nd7 7. c3 Qc7 8. Bd3 Bxd3 9. Qxd3 O-O-O 10. Be3 Kb8
11. O-O-O Ngf6 12. Rhe1 e6 13. Qd2 Bd6 14. Bg5 h6 15. Be3 Nd5 16. Ne4 Nxe3 17. fxe3 Bxh2 18. Nxh2 Qxh2 19. Qf2 Rhf8 20. Ng3 Qh4
21. Rh1 Qe7 22. Nh5 g6 23. Nf4 h5 24. e4 Qg5 25. Kb1 e5 26. dxe5 Qxe5 27. Rhe1 Nf6 28. Nd3 Qb5 29. Qxf6 Rxd3 30. Kc2 Rxd1
31. Rxd1 Qe2+ 32. Rd2 Qxe4+ 33. Kc1 Qe6 34. Rd8+ Rxd8 35. Qxd8+ Qc8 36. Qd6+ Ka8 37. Qf6 Qe8 38. Qf2 f5 39. Qg3 Qe6 40. Qg5 b6
41. Qd8+ Kb7 42. Qd2 h4 43. Qf2 g5 44. Kc2 Qe4+ 45. Kc1 Kc7 46. Kd2 Qf4+ 47. Qxf4+ gxf4 48. Ke2 Kd6 49. Kf3 Ke5 50. b3 a6
51. a4 a5 52. b4 Kd5 53. bxa5 bxa5 54. Kxf4 Kc4 55. Kxf5 Kxc3 56. Kg4 Kb4 57. Kxh4 c5 58. g4 c4 59. g5 c3 60. g6 c2
61. g7 c1=Q 62. Kh5 Qh1+ 63. Kg6 Qg2+ 64. Kf7 Kxa4 65. g8=Q Qxg8+
0-1

[Event "Winter"]
[Site "SchemingMind.com"]
[Date "2016.03.04"]
[Round "-"]
[White "Scooter"]
[Black "Phillip Beckett"]
[Result "1-0"]
[WhiteCountry "USA"]
[BlackCountry "ENG"]
[WhiteElo "1712"]
[WhiteRD "48"]
[BlackElo "1577"]
[BlackRD "47"]
[GameID "396348"]

1. d4 d5 2. Nf3 Nf6 3. Bf4 e6 4. e3 c5 5. Bb5+ Bd7 6. Bxd7+ Nbxd7 7. c3 Qb6 8. Qb3 c4 9. Qxb6 Nxb6 10. Nbd2 Be7
11. O-O O-O 12. Rfe1 a5 13. e4 Na4 14. Rab1 b5 15. h3 Rfe8 16. exd5 Nxd5 17. Bg3 Rec8 18. Ne4 Nf6 19. Nxf6+ Bxf6 20. Ne5 Bxe5
21. Rxe5 b4 22. cxb4 axb4 23. Rb5 c3 24. Rxb4 Nxb2 25. Rb3 c2 26. Rc1 Rxa2 27. Rxc2 Ra1+ 28. Kh2 Rc1 29. Rxc1
1-0

[Event "Winter"]
[Site "SchemingMind.com"]
[Date "2016.03.06"]
[Round "-"]
[White "APB"]
[Black "kenneth m day"]
[Result "1-0"]
[WhiteCountry "ENG"]
[BlackCountry "USA"]
[WhiteElo "1716"]
[WhiteRD "74"]
[BlackElo "1705"]
[BlackRD "53"]
[GameID "396456"]

1. e4 e5 2. Nf3 Nc6 3. Bc4 Bc5 4. c3 Nf6 5. d4 exd4 6. cxd4 Bb4+ 7. Bd2 Bxd2+ 8. Nbxd2 d6 9. O-O O-O 10. Qb3 Na5
11. Qc3 Nxc4 12. Qxc4 Be6 13. d5 Bd7 14. Rac1 Rc8 15. e5 dxe5 16. Nxe5 a6 17. Nxd7 Qxd7 18. Nf3 Rfe8 19. Qh4 Qxd5 20. b3 Re4
21. Qh3 Ree8 22. Rcd1 Qc6 23. Nd4 Qc5 24. Nf5 Re5 25. Ne7+ Qxe7 26. Qxc8+ Ne8 27. Qxb7 h6 28. Qxa6 Re6 29. Qd3 Rd6 30. Qc2 g6
31. Qc5 Qd7 32. Rxd6 Nxd6 33. Rd1 Qe7 34. Rc1 Qe2 35. f3 Qxa2 36. Qxc7 Nf5 37. Qf4 Qxb3 38. g4 Ne3 39. Qxh6 Qe6 40. Re1 Nxg4
41. Rxe6 Nxh6 42. Rc6 Nf5 43. Kg2 Kg7 44. f4 Nh4+ 45. Kg3 Nf5+ 46. Kf2 Nd4 47. Rc4 Nf5 48. h3 Nh4 49. Kg3 Nf5+ 50. Kf3 Kh6
51. Rc8 Kg7 52. Kg4 Nh6+ 53. Kf3 Nf5 54. Rc7 Nd4+ 55. Ke4 Nf5 56. Kf3 Nh4+ 57. Kg4 Nf5 58. h4 Nh6+ 59. Kg5 Nf5 60. h5 gxh5
61. Kxf5
1-0

[Event "Winter"]
[Site "SchemingMind.com"]
[Date "2016.03.07"]
[Round "-"]
[White "kenneth m day"]
[Black "APB"]
[Result "1-0"]
[WhiteCountry "USA"]
[BlackCountry "ENG"]
[WhiteElo "1674"]
[WhiteRD "52"]
[BlackElo "1691"]
[BlackRD "72"]
[GameID "396457"]

1. e4 c5 2. d4 cxd4 3. c3 dxc3 4. Nxc3 e6 5. Nf3 Nc6 6. Bc4 a6 7. O-O b5 8. Bb3 Be7 9. Bf4 d6 10. Qe2 Bb7
11. Rfd1 f6 12. Bxe6 Bc8 13. Bd5 Bb7 14. Rac1 Qb8 15. Be6 Qc7 16. Nd5 Qb8 17. Nh4 g5 18. Qh5+ Kd8 19. Nf5 Nh6 20. Nxh6
1-0

[Event "Winter"]
[Site "SchemingMind.com"]
[Date "2016.03.08"]
[Round "-"]
[White "fouche"]
[Black "kenneth m day"]
[Result "1-0"]
[WhiteCountry "COL"]
[BlackCountry "USA"]
[WhiteElo "1586"]
[WhiteRD "62"]
[BlackElo "1716"]
[BlackRD "52"]
[GameID "396458"]

1. e4 e5 2. f4 exf4 3. Bc4 Nc6 4. Nf3 g5 5. d4 Bg7 6. c3 d6 7. O-O h6 8. Na3 Nge7 9. Nc2 Bg4 10. Qd3 Qd7
11. Bd2 Ng6 12. Rae1 O-O-O 13. a3 Rhf8 14. Ba2 Rde8 15. b4 f5 16. h3 fxe4 17. Rxe4 Rxe4 18. Qxe4 Bf5 19. Qe2 Bxc2 20. Be6 Bf5
21. Bxd7+ Bxd7 22. a4 Re8 23. Qd3 Nge7 24. c4 Bf5 25. Qc3 Bg6 26. b5 Nd8 27. a5 Ne6 28. b6 cxb6 29. axb6 a6 30. Re1 Nd8
31. c5 dxc5 32. Qxc5+ Ndc6 33. d5
1-0

[Event "Winter"]
[Site "SchemingMind.com"]
[Date "2016.03.07"]
[Round "-"]
[White "kenneth m day"]
[Black "fouche"]
[Result "1-0"]
[WhiteCountry "USA"]
[BlackCountry "COL"]
[WhiteElo "1699"]
[WhiteRD "51"]
[BlackElo "1605"]
[BlackRD "62"]
[GameID "396459"]

1. e4 c6 2. c4 d5 3. cxd5 cxd5 4. exd5 Qxd5 5. Nc3 Qe5+ 6. Be2 e6 7. Nf3 Qc7 8. d4 Nf6 9. O-O Be7 10. Bg5 O-O
11. Rc1 Bd7 12. Nd5 Qxc1 13. Qxc1 exd5 14. Qf4 Nc6 15. Ne5 Rfd8 16. a3 Rac8 17. Bd3 h6 18. Bxf6 Bxf6 19. Nxd7 Rxd7 20. Bf5
1-0

[Event "Winter"]
[Site "SchemingMind.com"]
[Date "2016.03.11"]
[Round "-"]
[White "emvarela"]
[Black "kenneth m day"]
[Result "1-0"]
[WhiteCountry "ARG"]
[BlackCountry "USA"]
[WhiteElo "1712"]
[WhiteRD "48"]
[BlackElo "1724"]
[BlackRD "54"]
[GameID "396460"]

1. e4 e5 2. Nf3 Nc6 3. Bb5 Nf6 4. O-O Be7 5. Nc3 O-O 6. Bxc6 dxc6 7. d4 exd4 8. Qxd4 c5 9. Qxd8 Rxd8 10. Be3 Bg4
11. Ne5 Be6 12. f3 a6 13. Rad1 Bd6 14. Nd3 b6 15. b3 Nd7 16. Nf4 Bxf4 17. Bxf4 c6 18. Rd2 f5 19. Rfd1 fxe4 20. Nxe4 h6
21. Nd6 Kf8 22. Ne4 Ke7 23. Bd6+ Ke8 24. Bc7 Rdc8 25. Nd6+ Ke7 26. Nxc8+ Rxc8 27. Bd6+ Ke8 28. Re1 Kf7 29. Rde2 Re8 30. f4 g6
31. c4 Nf6 32. h3 Nh5 33. Kh2 Ng7 34. Bc7 b5 35. cxb5 cxb5 36. g4 c4 37. bxc4 Bxc4 38. Rxe8 Nxe8 39. Be5 a5 40. a3 Nf6
41. Bxf6 Kxf6 42. Re5 g5 43. Kg3 Bd3 44. Rc5 a4 45. h4 Be2 46. hxg5+ hxg5 47. fxg5+ Kg6 48. Kf4 Bd3 49. Rc6+ Kg7 50. Ke5 Be2
51. Rb6 Bd3 52. g6 Be2 53. g5 Bd3 54. Kd5 Bxg6 55. Rxb5 Bd3 56. Rb6 Bc2 57. Kc5 Bb3 58. Kb4 Bc2 59. Ra6 Bb3 60. Rxa4 Bxa4
61. Kxa4 Kg6 62. Kb5 Kxg5 63. a4
1-0

[Event "Winter"]
[Site "SchemingMind.com"]
[Date "2016.03.11"]
[Round "-"]
[White "kenneth m day"]
[Black "emvarela"]
[Result "1/2-1/2"]
[WhiteCountry "USA"]
[BlackCountry "ARG"]
[WhiteElo "1736"]
[WhiteRD "54"]
[BlackElo "1693"]
[BlackRD "50"]
[GameID "396461"]

1. e4 e5 2. f4 exf4 3. Nf3 Nf6 4. e5 Qe7 5. Qe2 d6 6. exf6 Qxe2+ 7. Bxe2 gxf6 8. d4 Bh6 9. O-O Bg4 10. h3 Be6
11. Nc3 a6 12. Nh4 c6 13. Bxf4 Bxf4 14. Rxf4 Nd7 15. Ne4 Ke7 16. Raf1 Rhg8 17. Nf5+ Bxf5 18. Rxf5 Rg6 19. Bg4 d5 20. Nf2 Rag8
21. Re1+ Kd6 22. Nd3 b5 23. Nf4 Rg5 24. Nd3 Rxf5 25. Bxf5 h5 26. Rf1 c5 27. Nf4 cxd4 28. Nxh5 Ne5 29. Nxf6 Rh8 30. Ng4 Nxg4
31. Bxg4 Rf8 32. Rf6+ Ke5 33. Rxa6 f5 34. Bf3 Rc8 35. Bd1 d3 36. c3 b4 37. Bb3 bxc3 38. bxc3 Rxc3 39. Ra5 Ke4 40. Bxd5+ Kf4
41. Bf3 Kg3 42. Rxf5 Rc1+ 43. Bd1 Rxd1+ 44. Rf1 Rd2 45. a4 Rxg2+ 46. Kh1 Rf2 47. Kg1 Ra2 48. Rd1 d2 49. Kf1 Kf3 50. h4 Ke3
51. Rb1 Rxa4 52. Rb3+ Kf4 53. Rd3 Ra1+=
1/2-1/2

[Event "Winter"]
[Site "SchemingMind.com"]
[Date "2016.03.06"]
[Round "-"]
[White "Phillip Beckett"]
[Black "kenneth m day"]
[Result "0-1"]
[WhiteCountry "ENG"]
[BlackCountry "USA"]
[WhiteElo "1549"]
[WhiteRD "49"]
[BlackElo "1674"]
[BlackRD "52"]
[GameID "396462"]

1. e4 e5 2. Nf3 Nc6 3. Bb5 f5 4. Bxc6 dxc6 5. exf5 Nf6 6. O-O Bd6 7. d3 O-O 8. Nc3 Bxf5 9. Bg5 h6 10. Bd2 Bg4
11. h3 Bh5 12. Ne4 Nxe4 13. dxe4 Qf6 14. Bc3 Rae8 15. Qd3 Qg6 16. Nh2 Rf4 17. Rae1 Qg5 18. Re3 Re6 19. Rg3 Qh4 20. Nf3 Qe7
21. Nh2 Ref6 22. Qc4+ Bf7 23. Rf3 Bxc4
0-1

[Event "Winter"]
[Site "SchemingMind.com"]
[Date "2016.03.06"]
[Round "-"]
[White "kenneth m day"]
[Black "Phillip Beckett"]
[Result "1-0"]
[WhiteCountry "USA"]
[BlackCountry "ENG"]
[WhiteElo "1701"]
[WhiteRD "52"]
[BlackElo "1577"]
[BlackRD "47"]
[GameID "396463"]

1. e4 e5 2. f4 Qh4+ 3. g3 Qe7 4. d3 exf4 5. Bxf4 d5 6. Nc3 dxe4 7. Qe2 exd3 8. Qxe7+ Nxe7 9. Bxd3 c6 10. O-O-O Nd7
11. Nf3 Ng6 12. Rhe1+ Be7 13. Bxg6 hxg6 14. Bd6
1-0